The ELVES and the shoemaker [

Bibliographic Details
Format: Book
Published: s.l. : Hanna-Barbera , 1990
Subjects:

MARC

LEADER 00000cam a2200000 7i4500
001 0000000306
002 000000381
005 20000330.0
020 |a 000000381 
090 0 0 |a JF   |b ELV 
245 0 4 |a The ELVES and the shoemaker [  |h videorecording] 
260 |a s.l. :   |b Hanna-Barbera ,   |c 1990 
300 |a 1 videocassette VHS (30:00 min) :   |b Col.(PAL) 
650 0 0 |a Fairy tales   |x cartoons and caricatures 
999 |a PV0135   |b VIDEO   |c JUNIOR REFERENCE   |e PERPUSTAKAAN KOMUNITI PETALING JAYA